000 00471nam a2200157Ia 4500
003 SGT
082 _a658.0558
_bCHA
100 _aChamplain, Jack J
245 _aAuditing information systems
250 _aco2nd Ed.
260 _bJohn Wiley & Sons
_aNew York
_c2003
300 _a184p.
650 _aMANAGEMENT
653 _aCORE CONECEPTS, STANDARD INFORMATION SYSTEMS AUDIT APPROACH,PHYSICAL SECURITY,LOGICAL SECURITY,INFORMATION SYSTEMS OPERATIONS
942 _2ddc
_cBK
999 _c5631
_d5631